00510nam a2200181Ia 450000500170000000800410001702000180005804100120007608200160008810000150010424500680011925000120018726000420019930000190024165000290026065000160028965000230030520260429112051.0260429s9999||||xx |||||||||||||| ||und|| a9781835350195 aEnglish a371.26bANI aAnitha, R. 0aPhysical education : bmeasurement and evaluation / cR. Anitha a1st ed. aLondon : bETP ED- Tech Press,c2025. axi, 276 p.; hb a Educational measurement a Evaluation aPhysical education